Worlds Great Book in Outline (Record no. 11134)
[ view plain ]
| 000 -LEADER | |
|---|---|
| fixed length control field | 00468nam a2200169Ia 4500 |
| 003 - CONTROL NUMBER IDENTIFIER | |
| control field | OSt |
| 005 - DATE AND TIME OF LATEST TRANSACTION | |
| control field | 20221003123759.0 |
| 008 - FIXED-LENGTH DATA ELEMENTS--GENERAL INFORMATION | |
| fixed length control field | 211109s9999||||xx |||||||||||||| ||und|| |
| 040 ## - CATALOGING SOURCE | |
| Transcribing agency | SBCL |
| 082 ## - DEWEY DECIMAL CLASSIFICATION NUMBER | |
| Classification number | 080 |
| Item number | HAM-W |
| 100 ## - MAIN ENTRY--PERSONAL NAME | |
| Personal name | Hammerton, J A |
| 245 #0 - TITLE STATEMENT | |
| Title | Worlds Great Book in Outline |
| 260 ## - PUBLICATION, DISTRIBUTION, ETC. | |
| Name of publisher, distributor, etc. | Educational Book |
| Place of publication, distribution, etc. | London |
| Date of publication, distribution, etc. | 1965 |
| 630 ## - SUBJECT ADDED ENTRY--UNIFORM TITLE | |
| General subdivision | POST GRADUATE REFERENCE |
| 650 ## - SUBJECT ADDED ENTRY--TOPICAL TERM | |
| Topical term or geographic name entry element | Computer science, information & general works |
| 942 ## - ADDED ENTRY ELEMENTS (KOHA) | |
| Koha item type | BOOK |
| 650 ## - SUBJECT ADDED ENTRY--TOPICAL TERM | |
| General subdivision | General collections |
| Withdrawn status | Lost status | Source of classification or shelving scheme | Damaged status | Not for loan | Home library | Current library | Date acquired | Cost, normal purchase price | Full call number | Barcode | Shelving location | Date last seen | Price effective from | Koha item type |
|---|---|---|---|---|---|---|---|---|---|---|---|---|---|---|
| Dewey Decimal Classification | SB LIBRARY | SB LIBRARY | 09/11/2021 | 250.00 | 080 HAM-W | 00011688 | POST GRADUATE REFERENCE | 09/11/2021 | 09/11/2021 | BOOK |